000 00486nam a2200169Ia 4500
999 _c26385
_d26385
003 OSt
005 20210107152737.0
008 190216s9999||||xx |||||||||||||| ||und||
040 _coclc
082 _a894.8128
_bRAJ/K
100 _aRajasekharan, S
_97815
245 0 _aKavitha Velichathileku /
_cS Rajasekharan
260 _bNational Book Stall,
_aKottayam:
_c1985.
300 _a152p
650 _aPadanam
942 _cBK
_2ddc
_h894.8128
_iRAJ/K
_k894.8128
_mRAJ/K